1152 1807 1335 1824 1728 1039 1695 1517 1963 1815 1118 1093 1955 1529 1349 1788 1674 1571 1861 1440 1423 1892 1114 1548 1050 1545 1597 1375 1354 1753 1877 1205 1135 1561 1170 1584 1480 1712 1885 1670 1623 1103 1855 1771 1382 1913 1064 1810 1894 1196 1371 1658 1255 1444 1630 1074 1330 1472 1657 1394 1766 1297 1425 1029 1477 1383 1005 1699 1410 1401 1257 1292 1655 1773 1005 1350 1473 1600 1755 1217 1856 1079 1641 1123 1922 1090 1000 1767 1146 1968 1706 1922 1965 1077 1152 1951 1896 1870 1809 BCNSPRNW ULIB Ver.6.0+V

เปลี่ยนเป็นภาษาไทย

Change to English
 แสดงรายละเอียดบรรณานุกรม
  กลับหน้าหลัก

Brief Record : Get Marc (ISO 2709) : E-mail record : QR code < ปิดหน้าต่าง
LEADER : 00000nam 2200000uu 4500
001    13399113508
003     ULIB
008    111123s2553||||th 000 0 tha d
020    ^a9786167123479
090    ^aนว.^bช253ว 2553
100 0  ^aชลิมา
245 00 ^aวังวนหัวใจกลไกแห่งรัก/^cชลิมา
250    ^aพิมพ์ครั้งที่ 1
260    ^aกรุงเทพฯ :^bGreen Mind,^c2553
300    ^a376 หน้า
710 1  ^aGreen Mind
945    ^p249^l0^i17051
995    ^aกัณชพร
999    ^aใช้งานได้ทุกระบบ
รายการนี้ยังไม่มีแท็ก
คุณยังไม่ได้ล็อกอิน คุณสามารถมีกิจกรรมร่วมกับเว็บไซต์ได้ แต่ต้องล็อกอินก่อน ::
  ล็อกอิน

รายการสื่อสารสนเทศ

ลำดับที่ ประเภท เลขเรียก/บาร์โค้ด สถานที่ สถานะ
1. นวนิยาย
นวนิยาย
นว. ช253ว 2553  
  Barcode: 17051
ห้องสมุดวิทยาเขตสวรรค์ประชารักษ์
►นวนิยาย
บนชั้น
  ขอยืม

BibComment


ยังไม่เคยถูกคอมเมนท์

คอมเมนท์ทรัพยากรรายการนี้
  คอมเมนท์: วังวนหัวใจกลไกแห..


 Copyright 2026. Bcnsprnw @Library